Hegemonía y colaboración estilo USA

Đã lưu trong:
Chi tiết về thư mục
Tác giả chính: Alim - Khan
Định dạng: Texto
Được phát hành: Moscú: Agencia de Prensa Nóvosti
Các nhãn: Thêm thẻ
Không có thẻ, Là người đầu tiên thẻ bản ghi này!

MARC

LEADER 00000 a a2200000 04500
001 24999
003
040 |a CRAI/IIS  |c CRAI/IIS 
090 |a 176800  
100 |a Alim - Khan  
245 |a Hegemonía y colaboración estilo USA  
260 |a Moscú:   |b Agencia de Prensa Nóvosti  
300 |a 80 p.  
999 |c 5538  |d 5538